01009 a2200181 4500003000500000005001700005040000900022082001200031100001500043245003600058260004000094300000800134505049800142538002900640650003600669999001900705952010300724Nust20170207153309.0 cNust a621.812 aG.K. Dubey aThyristorised power controllers aLondonbWiley Eastren limitedc1986 a819 aIntroduction (Page-1), Introduction To Thyristor And Its Control Circuits (Page-5), Line Commuted AC And DC Converters (Page-88), Cycloconverters (Page-193), AC Regulators (Page-236), Choppers (Page-271), Inverters (Page-315), Voltage Control And Harmonic Reduction In Inverters (Page-347), Power Factor Control (Page-428), Measurement And Sensing In Thyristorised Systems (Page-489), IC Logic And Control Circuits (Page-510), Power Converter Controls Using Plcs And Microcomputers (Page-675). aAlmirah No.36 Shelf No.1 aThyristorised power controllers c183598d183598 00102ddc40708NFICaMCSbMCSd2016-12-12l0o621.812 BUBpMCS21190r2016-12-08w2016-12-12yBK